00737nam a22002057a 450000500170000001000150001702000260003203500140005803700090007208200140008110000220009524500600011725000060017726000430018327000810022630000210030794200250032899900190035395201590037220260323120356.0 aENG-148121 a9789381620908c250.00 aEN-131653 bDBAD a181.4321 aVishwaprem988715 aMy Spiritual Journey with Swami Satyananda/cVishwaprem a1 aBiharbYoga Publications Trust, c2013 bBiharaYoga Publications Trust , Ganga Darshan, Munger, Bihar, Indiae811201 a180p. c22cm(pb) 2ddccENmVISh181.43 c215725d215725 001040718NFICaDBADbDBADd2026-03-23eDelivery of Books Act Divisiong250.00l0oVIS 181.43pEN-131653r2026-03-23 00:00:00t1v250.00w2026-03-23yEN